| 000 | 00443nam a2200181Ia 4500 | ||
|---|---|---|---|
| 001 | 23616 | ||
| 005 | 20260414150949.0 | ||
| 008 | 260414t2010||||xx |||||||||||||| ||spa|| | ||
| 041 | _aESP | ||
| 082 |
_a670.42 _bV918 |
||
| 100 |
_aVaughn, Richard C. _eAUT |
||
| 245 | 0 |
_aIntroducción a la ingeniería industrial _b |
|
| 260 | _c2010 | ||
| 300 |
_aix, 473 páginas _c23 cm. |
||
| 650 | _aTCA | ||
| 654 | _aCII | ||
| 942 |
_cLIB _dJUS _fJUS _2ddc _n |
||
| 999 |
_c23616 _d23616 |
||